000 00769nam a2200253Ia 4500
003 OSt
005 20221005045946.0
006 a|||||r|||| 00| 0
007 ta
008 221004b |||||||| |||| 00| 0 ben d
020 _a8129505398 (hbk)
_c200
024 _a4535
037 _b786, 19/03/2013, Bright Book Service
_cTextual
040 _aCRL
_cCRL
_bben
041 _2ben
_aben
082 _a4,1, 157P6
100 _aChattopadhyay Partha
_9212027
245 0 _aGanajnapan
_bTattwe o prayoge
260 _aKolkata
_bSudhangshu Sekhar Dey Dey's Pub India
_c2006
300 _a791p.
_ccm.
650 _aJOUNRALISM
_93876
942 _h4,1, 157P6
_cTEXL
_2cc
999 _c956001
_d956001